[Event "Ottawa RA December op"]
[Site "Ottawa"]
[Date "2017.12.08"]
[Round "1"]
[White "Pacey, Kevin"]
[Black "Doubleday, William G"]
[Result "0-1"]
[WhiteElo "2195"]
[BlackElo "2040"]
[PlyCount "74"]
[EventDate "2017.12.08"]
[EventType "swiss"]
[EventRounds "5"]
[EventCountry "CAN"]
[SourceTitle "EXT 2022"]
[Source "ChessBase"]
[SourceDate "2021.10.06"]
[SourceVersion "1"]
[SourceVersionDate "2021.10.06"]
[SourceQuality "1"]

1. d4 d5 2. Nf3 Nf6 3. c4 e6 4. Nc3 c6 5. Bg5 Nbd7 6. e3 h6 7. Bh4 Be7 8. Rc1 Ne4 9. Bxe7 Qxe7 10. Bd3 f5 11. 0-0 0-0 12. Qe2 g5 13. Bxe4 dxe4 14. Nd2 e5 15. d5 Nf6 16. f3 exf3 17. gxf3 Bd7 18. Kh1 Rf7 19. e4 f4 20. a3 Rg7 21. b4 Kh8 22. c5 Rag8 23. b5 Qf7 24. dxc6 bxc6 25. Nc4 Qe6 26. Nd6 g4 27. Nf5 Rg6 28. fxg4 Nxg4 29. b6 axb6 30. cxb6 Qb3 31. Ne7 Qxb6 32. Rg1 R6g7 33. h3 Nf2+ 34. Kh2 Rxe7 35. Rxg8+ Kxg8 36. Qh5 Nd3 37. Rg1+ Rg7 0-1

[Event "Ottawa Eastern Ontario op"]
[Site "Ottawa"]
[Date "2017.06.23"]
[Round "1"]
[White "Yang, Fan"]
[Black "Pacey, Kevin"]
[Result "1/2-1/2"]
[WhiteElo "1966"]
[BlackElo "2161"]
[PlyCount "117"]
[EventDate "2017.06.23"]
[EventType "swiss"]
[EventRounds "5"]
[EventCountry "CAN"]
[SourceTitle "EXT 2022"]
[Source "ChessBase"]
[SourceDate "2021.10.06"]
[SourceVersion "1"]
[SourceVersionDate "2021.10.06"]
[SourceQuality "1"]

1. e4 c6 2. d4 d5 3. exd5 cxd5 4. Nf3 Nf6 5. Bd3 g6 6. c3 Bg7 7. Bf4 Nc6 8. Nbd2 0-0 9. 0-0 Bf5 10. Qc2 Bxd3 11. Qxd3 Nh5 12. Qe3 Nxf4 13. Qxf4 Qb8 14. Qxb8 Raxb8 15. Rfe1 e6 16. Nb3 Rfd8 17. Nc5 b6 18. Nd3 Na5 19. Nfe5 f6 20. Nf3 Kf7 21. Re2 Re8 22. Rae1 Bh6 23. h4 Nc4 24. g4 Rb7 25. Kg2 Bg7 26. g5 Nd6 27. gxf6 Bxf6 28. Nfe5+ Kg7 29. h5 Nf5 30. hxg6 hxg6 31. Nf4 Nh4+ 32. Kg3 Rbe7 33. Nc6 Nf5+ 34. Kg4 Nh6+ 35. Kf3 Rf7 36. Rxe6 Ref8 37. Rg1 Kh7 38. Rxg6 Bg7 39. Ne5 Rxf4+ 40. Ke3 R4f6 41. Rgxf6 Rxf6 42. Rxf6 Bxf6 43. f4 Kg7 44. b3 Bh4 45. Nc6 a5 46. a4 Nf5+ 47. Kd3 Bg3 48. b4 Bxf4 49. bxa5 bxa5 50. Nxa5 Kf6 51. Nc6 Ke6 52. a5 Kd6 53. Nb4 Ne7 54. c4 dxc4+ 55. Kxc4 Nc6 56. a6 Nxb4 57. Kxb4 Kc6 58. d5+ Kb6 59. Kc4 1/2-1/2

[Event "Ottawa National Capital op"]
[Site "Ottawa"]
[Date "2016.10.30"]
[Round "4"]
[White "Pacey, Kevin"]
[Black "Zhou, Qiyu"]
[Result "0-1"]
[WhiteElo "2161"]
[BlackElo "2239"]
[PlyCount "44"]
[EventDate "2016.10.28"]
[EventType "swiss"]
[EventRounds "5"]
[EventCountry "CAN"]
[SourceTitle "EXT 2022"]
[Source "ChessBase"]
[SourceDate "2021.10.06"]
[SourceVersion "1"]
[SourceVersionDate "2021.10.06"]
[SourceQuality "1"]

1. d4 Nf6 2. c4 e6 3. Nc3 Bb4 4. e3 0-0 5. Nge2 d5 6. a3 Be7 7. cxd5 exd5 8. Nf4 a5 9. Be2 Re8 10. 0-0 Na6 11. b3 c6 12. Bb2 Nc7 13. Na4 Ne6 14. Nxe6 Bxe6 15. Nc5 Bc8 16. Qc2 Bd6 17. g3 h5 18. Rfe1 b6 19. Na4 Bd7 20. Bd3 Ne4 21. Nc3 Ng5 22. Qe2 Bg4 0-1

[Event "Ottawa RA Fall op"]
[Site "Ottawa"]
[Date "2016.09.23"]
[Round "3"]
[White "Palsson, Halldor Peter"]
[Black "Pacey, Kevin"]
[Result "0-1"]
[WhiteElo "1984"]
[BlackElo "2161"]
[PlyCount "64"]
[EventDate "2016.09.21"]
[EventType "swiss"]
[EventRounds "5"]
[EventCountry "CAN"]
[SourceTitle "EXT 2022"]
[Source "ChessBase"]
[SourceDate "2021.10.06"]
[SourceVersion "1"]
[SourceVersionDate "2021.10.06"]
[SourceQuality "1"]

1. d4 Nf6 2. c4 e6 3. Nc3 Bb4 4. Qc2 d5 5. cxd5 Qxd5 6. e3 e5 7. Bd2 Bxc3 8. bxc3 exd4 9. cxd4 Nc6 10. Nf3 Bf5 11. Qa4 0-0 12. Bc4 Qd6 13. 0-0 Be4 14. Ng5 Bd5 15. Bd3 Ng4 16. f4 h6 17. Nf3 Bxf3 18. Rxf3 Rab8 19. h3 Nf6 20. Rc1 Nd5 21. Bb1 f5 22. Rc5 Nce7 23. Qxa7 b6 24. Rxd5 Nxd5 25. Qa4 Ra8 26. Qc4 Kh8 27. g4 g6 28. Kf2 c6 29. gxf5 gxf5 30. Rg3 Qf6 31. Bxf5 Qxf5 32. Qxc6 Nf6 0-1

[Event "RA November op"]
[Site "Ottawa"]
[Date "2015.11.29"]
[Round "4"]
[White "Sambuev, Bator"]
[Black "Pacey, Kevin"]
[Result "1-0"]
[WhiteElo "2599"]
[BlackElo "2161"]
[PlyCount "97"]
[EventDate "2015.11.27"]
[EventType "swiss"]
[EventRounds "5"]
[EventCountry "CAN"]
[SourceTitle "EXT 2019"]
[Source "ChessBase"]
[SourceDate "2018.10.10"]
[SourceVersion "1"]
[SourceVersionDate "2018.10.10"]
[SourceQuality "1"]

1. e4 e6 2. d4 d5 3. Nd2 c5 4. Ngf3 Nc6 5. exd5 exd5 6. Bb5 Bd6 7. 0-0 Nge7 8. dxc5 Bxc5 9. Nb3 Bd6 10. c3 Bg4 11. Be2 0-0 12. Nfd4 Bxe2 13. Qxe2 Re8 14. Bg5 Qd7 15. Qh5 Ng6 16. Rae1 Rxe1 17. Rxe1 Re8 18. Rxe8+ Qxe8 19. Qe2 Qe5 20. Qxe5 Ngxe5 21. Nxc6 Nxc6 22. Kf1 f5 23. Be3 Kf7 24. h3 b6 25. Ke2 Ke6 26. a4 g6 27. f4 d4 28. Nxd4+ Nxd4+ 29. Bxd4 Bxf4 30. Kd3 Kd6 31. b4 Bg3 32. Kc4 Kc6 33. b5+ Kd7 34. Kd5 Bc7 35. c4 g5 36. c5 bxc5 37. Bxc5 Bb8 38. a5 h5 39. Bxa7 Bxa7 40. b6 Bxb6 41. axb6 h4 42. Ke5 g4 43. Kxf5 gxh3 44. gxh3 Kc6 45. Kg5 Kxb6 46. Kxh4 Kc7 47. Kg5 Kd8 48. Kf6 Ke8 49. Kg7 1-0

[Event "National Capital op"]
[Site "Ottawa"]
[Date "2015.10.25"]
[Round "5"]
[White "Brown, Gabriel"]
[Black "Pacey, Kevin"]
[Result "0-1"]
[WhiteElo "1983"]
[BlackElo "2161"]
[PlyCount "92"]
[EventDate "2015.10.23"]
[EventType "swiss"]
[EventRounds "5"]
[EventCountry "CAN"]
[SourceTitle "EXT 2019"]
[Source "ChessBase"]
[SourceDate "2018.10.10"]
[SourceVersion "1"]
[SourceVersionDate "2018.10.10"]
[SourceQuality "1"]

1. c4 c6 2. d4 d5 3. Nf3 Nf6 4. e3 Bf5 5. Nc3 e6 6. Qb3 Qb6 7. Qxb6 axb6 8. Bd2 h6 9. Be2 Nbd7 10. 0-0 Be7 11. a3 0-0 12. b4 dxc4 13. Bxc4 b5 14. Bb3 Rfd8 15. Rfe1 Bg4 16. e4 Bxf3 17. gxf3 Nb6 18. Be3 Nc4 19. Bxc4 bxc4 20. Reb1 g5 21. a4 e5 22. dxe5 Rd3 23. Nd1 Nd7 24. Nb2 Rc3 25. Bd4 Rc2 26. Rc1 Rxc1+ 27. Rxc1 b5 28. axb5 cxb5 29. Bc3 Ra3 30. Nd1 Rb3 31. Ne3 Bxb4 32. Bxb4 Rxb4 33. Ng4 h5 34. Nh6+ Kg7 35. Nf5+ Kh7 36. Rd1 Nxe5 37. Rd6 Nxf3+ 38. Kf1 Rb1+ 39. Ke2 g4 40. Ke3 c3 41. Rh6+ Kg8 42. Ne7+ Kf8 43. Nf5 Ke8 44. Rc6 b4 45. Nd4 Re1+ 46. Ne2 Rxe2+ 0-1

[Event "National Capital op"]
[Site "Ottawa"]
[Date "2015.10.23"]
[Round "1"]
[White "Pacey, Kevin"]
[Black "Tester, Dean"]
[Result "1-0"]
[WhiteElo "2161"]
[BlackElo "1995"]
[PlyCount "63"]
[EventDate "2015.10.23"]
[EventType "swiss"]
[EventRounds "5"]
[EventCountry "CAN"]
[SourceTitle "EXT 2019"]
[Source "ChessBase"]
[SourceDate "2018.10.10"]
[SourceVersion "1"]
[SourceVersionDate "2018.10.10"]
[SourceQuality "1"]

1. d4 d5 2. Nf3 Nf6 3. c4 e6 4. Nc3 Be7 5. Bg5 Nbd7 6. e3 0-0 7. Qc2 Re8 8. 0-0-0 c6 9. Kb1 dxc4 10. Bxc4 b5 11. Bd3 Nf8 12. h4 Nd5 13. Nxd5 exd5 14. Ne5 Bb7 15. Nxc6 Bxc6 16. Bxe7 Rxe7 17. Qxc6 Rb8 18. Rc1 Ne6 19. Qc2 h6 20. Bf5 b4 21. Bxe6 fxe6 22. Qc6 Qf8 23. f4 Qf5+ 24. Ka1 Qe4 25. Qd6 Rbb7 26. Rc8+ Kh7 27. h5 Qxg2 28. Rhc1 Qf3 29. Qd8 Qxh5 30. Rg1 Re8 31. Qxe8 Qxe8 32. Rxe8 1-0

[Event "RA Fall op"]
[Site "Ottawa"]
[Date "2015.09.19"]
[Round "2"]
[White "Pacey, Kevin"]
[Black "Sambuev, Bator"]
[Result "0-1"]
[WhiteElo "2149"]
[BlackElo "2609"]
[PlyCount "50"]
[EventDate "2015.09.18"]
[EventType "swiss"]
[EventRounds "5"]
[EventCountry "CAN"]
[SourceTitle "EXT 2019"]
[Source "ChessBase"]
[SourceDate "2018.10.10"]
[SourceVersion "1"]
[SourceVersionDate "2018.10.10"]
[SourceQuality "1"]

1. d4 Nf6 2. c4 e6 3. Nc3 Bb4 4. e3 c5 5. Bd3 Nc6 6. Nf3 Bxc3+ 7. bxc3 d6 8. Nd2 e5 9. d5 Ne7 10. Qc2 0-0 11. Nf1 e4 12. Bxe4 Nxe4 13. Qxe4 Bf5 14. Qf3 Bd3 15. e4 Bxc4 16. Nd2 Ba6 17. c4 b5 18. Bb2 bxc4 19. 0-0 Rb8 20. Bc3 f5 21. e5 dxe5 22. Bxe5 c3 23. Qg3 Ng6 24. Bxb8 cxd2 25. Rfb1 Qxd5 0-1

[Event "Gatineau op-A"]
[Site "Gatineau"]
[Date "2015.03.??"]
[Round "3"]
[White "Kuriliw, Ray"]
[Black "Pacey, Kevin"]
[Result "0-1"]
[WhiteElo "1979"]
[BlackElo "2238"]
[PlyCount "60"]
[EventDate "2015.03.07"]
[EventType "swiss"]
[EventRounds "5"]
[EventCountry "CAN"]
[SourceTitle "EXT 2016"]
[Source "ChessBase"]
[SourceDate "2015.10.08"]
[SourceVersion "1"]
[SourceVersionDate "2015.10.08"]
[SourceQuality "1"]

1. e4 d6 2. b3 Nf6 3. d3 e5 4. Nf3 g6 5. Be2 Bg7 6. Nbd2 0-0 7. h3 d5 8. Bb2 dxe4 9. Nxe4 Nc6 10. g4 Nd4 11. Nxd4 Nxe4 12. dxe4 exd4 13. Qd3 Qf6 14. Qg3 Qb6 15. 0-0-0 Re8 16. Bd3 a5 17. f4 a4 18. Rde1 axb3 19. axb3 Be6 20. f5 Bxb3 21. fxg6 hxg6 22. Re2 Be6 23. e5 Ra2 24. c4 dxc3 25. Bxc3 Qc5 26. Rxa2 Qxc3+ 27. Rc2 Qa1+ 28. Kd2 Qxh1 29. Rxc7 Qd5 30. Qh4 Qa5+ 0-1

[Event "Gatineau op-A"]
[Site "Gatineau"]
[Date "2015.03.??"]
[Round "4"]
[White "Pacey, Kevin"]
[Black "Wan, Kevin"]
[Result "1/2-1/2"]
[WhiteElo "2238"]
[BlackElo "2254"]
[PlyCount "61"]
[EventDate "2015.03.07"]
[EventType "swiss"]
[EventRounds "5"]
[EventCountry "CAN"]
[SourceTitle "EXT 2016"]
[Source "ChessBase"]
[SourceDate "2015.10.08"]
[SourceVersion "1"]
[SourceVersionDate "2015.10.08"]
[SourceQuality "1"]

1. g3 d5 2. Nf3 Nf6 3. Bg2 e6 4. c4 c6 5. b3 Nbd7 6. Bb2 Bd6 7. 0-0 0-0 8. Nc3 b6 9. d3 Bb7 10. e3 Rc8 11. Qe2 Qe7 12. Rfd1 Rfd8 13. Rac1 Ne5 14. Nxe5 Bxe5 15. d4 Bd6 16. e4 dxe4 17. Nxe4 Nxe4 18. Qxe4 Ba8 19. c5 Bb8 20. b4 b5 21. Bf1 Bb7 22. Bd3 g6 23. Re1 Rd7 24. Qf3 Re8 25. Be4 Rc7 26. Qc3 Qf6 27. Qd2 Qe7 28. Qh6 Qf8 29. Qe3 Rcc8 30. Qc3 Qg7 31. Qb3 1/2-1/2

[Event "Ottawa RA November op"]
[Site "Ottawa"]
[Date "2014.11.30"]
[Round "4"]
[White "Sadeghi, Saeid"]
[Black "Pacey, Kevin"]
[Result "1-0"]
[WhiteElo "2018"]
[BlackElo "2184"]
[PlyCount "87"]
[EventDate "2014.11.28"]
[EventType "swiss"]
[EventRounds "5"]
[EventCountry "CAN"]
[SourceTitle "EXT 2022"]
[Source "ChessBase"]
[SourceDate "2021.10.06"]
[SourceVersion "1"]
[SourceVersionDate "2021.10.06"]
[SourceQuality "1"]

1. d4 d5 2. c4 e6 3. Nc3 Be7 4. Nf3 Nf6 5. Bf4 0-0 6. e3 c5 7. Bd3 Nc6 8. Rc1 cxd4 9. exd4 Nb4 10. Be2 dxc4 11. Bxc4 a6 12. 0-0 b5 13. Bb3 Bb7 14. a3 Nbd5 15. Bg3 Rc8 16. Nxd5 Bxd5 17. Bxd5 Qxd5 18. Qd2 Ne4 19. Qa5 Nxg3 20. hxg3 Qb7 21. Qd2 Rfd8 22. Rxc8 Rxc8 23. Rc1 Rxc1+ 24. Qxc1 Bf8 25. Kh2 f6 26. Qe3 Qc6 27. Ne1 a5 28. Nd3 a4 29. Nc5 e5 30. b4 Qd5 31. dxe5 Qxe5 32. Qxe5 fxe5 33. Ne4 Kf7 34. Nc3 Ke6 35. Nxb5 Kd5 36. Nc3+ Kc4 37. Nxa4 Kb3 38. Nb6 Kxa3 39. b5 Bc5 40. Nd7 Bxf2 41. b6 e4 42. b7 e3 43. b8Q e2 44. Qf8+ 1-0

[Event "Eastern Ontario op"]
[Site "Ottawa"]
[Date "2014.06.21"]
[Round "3"]
[White "Pacey, Kevin"]
[Black "Qin, Zi Yi"]
[Result "1-0"]
[WhiteElo "2169"]
[BlackElo "2446"]
[PlyCount "153"]
[EventDate "2014.06.20"]
[EventType "swiss"]
[EventRounds "5"]
[EventCountry "CAN"]
[SourceTitle "EXT 2015"]
[Source "ChessBase"]
[SourceDate "2014.11.20"]
[SourceVersion "1"]
[SourceVersionDate "2014.11.20"]
[SourceQuality "1"]

1. g3 g6 2. Bg2 Bg7 3. c4 Nf6 4. Nc3 0-0 5. d4 c6 6. e4 d6 7. Nf3 Qa5 8. 0-0 e5 9. d5 cxd5 10. Nxd5 Nxe4 11. Ne7+ Kh8 12. Nxc8 Rxc8 13. Ng5 Nxg5 14. Bxb7 Nh3+ 15. Kg2 Nc6 16. Qd5 Qc7 17. Bxa8 Rxa8 18. Kxh3 Rd8 19. Bd2 Ne7 20. Qa5 Qd7+ 21. Kg2 Rc8 22. Qb5 Qg4 23. f3 Qd4 24. Bc3 Qxc4 25. Qxc4 Rxc4 26. Rfe1 h5 27. Re4 Rc6 28. Ra4 a6 29. Re1 Kh7 30. Re2 f6 31. Ra5 Rb6 32. Re4 d5 33. Rea4 d4 34. Rxa6 Rxa6 35. Rxa6 dxc3 36. bxc3 Nd5 37. Rc6 f5 38. a4 e4 39. fxe4 Nxc3 40. exf5 Nxa4 41. Rxg6 Nc5 42. Rg5 Ne4 43. Rxh5+ Kg8 44. Rh4 Nd6 45. Rf4 Kf7 46. g4 Bf6 47. Ra4 Kg7 48. Ra7+ Nf7 49. h3 Bh4 50. Rb7 Kf6 51. Rb6+ Ke5 52. Re6+ Kf4 53. Rg6 Bg5 54. Rg7 Ne5 55. Ra7 Bh4 56. Ra4+ Kg5 57. Ra6 Kf4 58. Ra4+ Kg5 59. Kf1 Nd3 60. Ra6 Nf4 61. Ra3 Kf6 62. Ra8 Kg5 63. Rg8+ Kf6 64. Rh8 Bg3 65. Rh6+ Kg5 66. Rh7 Kf6 67. h4 Ke5 68. h5 Kf6 69. Rh8 Kg7 70. Ra8 Bh4 71. Ra7+ Kh6 72. Ra6+ Kg7 73. Kg1 Bg3 74. h6+ Kf7 75. g5 Nd5 76. g6+ Ke7 77. h7 1-0

[Event "Gatineau op"]
[Site "Gatineau"]
[Date "2014.03.02"]
[Round "5"]
[White "Desjardins, Michel"]
[Black "Pacey, Kevin"]
[Result "0-1"]
[WhiteElo "1971"]
[BlackElo "2216"]
[PlyCount "90"]
[EventDate "2014.01.28"]
[EventType "swiss"]
[EventRounds "5"]
[EventCountry "CAN"]
[SourceTitle "EXT 2015"]
[Source "ChessBase"]
[SourceDate "2014.11.20"]
[SourceVersion "1"]
[SourceVersionDate "2014.11.20"]
[SourceQuality "1"]

1. e4 e6 2. d4 d5 3. e5 Bd7 4. Nf3 a6 5. Bd3 Bb5 6. 0-0 Nd7 7. c3 Ne7 8. a3 Ng6 9. g3 Bxd3 10. Qxd3 c5 11. b4 cxd4 12. cxd4 Rc8 13. Bg5 Be7 14. Bxe7 Nxe7 15. Nbd2 Qc7 16. b5 axb5 17. Qxb5 0-0 18. Rab1 b6 19. Kg2 Rfd8 20. a4 h6 21. h4 Qc6 22. Qb4 Ng6 23. h5 Ngf8 24. Rb3 Ra8 25. Ra1 Qc2 26. g4 Rdc8 27. Ne1 Qc6 28. Nd3 Nc5 29. dxc5 bxc5 30. Qb5 c4 31. Qxc6 Rxc6 32. Rc3 Nd7 33. Nb4 Rb6 34. Nc2 Nxe5 35. Kg3 Rba6 36. Rca3 Nc6 37. f4 f6 38. Kf3 Kf7 39. Ne3 Nd4+ 40. Kf2 Nb5 41. axb5 Rxa3 42. Rxa3 Rxa3 43. b6 Ra2 44. Nd1 Rxd2+ 45. Ke1 Rd3 0-1

[Event "Ottawa RA November op"]
[Site "Ottawa"]
[Date "2013.11.08"]
[Round "1"]
[White "Profit, Brian"]
[Black "Pacey, Kevin"]
[Result "1-0"]
[WhiteElo "2106"]
[BlackElo "2243"]
[PlyCount "73"]
[EventDate "2013.11.08"]
[EventType "swiss"]
[EventRounds "5"]
[EventCountry "CAN"]
[SourceTitle "EXT 2022"]
[Source "ChessBase"]
[SourceDate "2021.10.06"]
[SourceVersion "1"]
[SourceVersionDate "2021.10.06"]
[SourceQuality "1"]

1. d4 Nf6 2. Bg5 c5 3. Nc3 cxd4 4. Qxd4 Nc6 5. Qh4 e6 6. e4 d6 7. 0-0-0 Be7 8. f4 Bd7 9. Nf3 Qa5 10. Qe1 a6 11. Kb1 b5 12. e5 b4 13. exf6 gxf6 14. Ne4 fxg5 15. Nxd6+ Bxd6 16. Rxd6 b3 17. Qxa5 bxc2+ 18. Kxc2 Nxa5 19. Nxg5 Ke7 20. Rxa6 Rac8+ 21. Kb1 Nc4 22. Bxc4 Rxc4 23. Rd1 Rxf4 24. Ra7 Rd8 25. Nxh7 f6 26. Nf8 Kxf8 27. Raxd7 Rxd7 28. Rxd7 Rf2 29. a4 Rxg2 30. a5 Ke8 31. Rh7 Rg1+ 32. Ka2 Rg4 33. Kb3 Rg5 34. a6 Rb5+ 35. Kc3 Rc5+ 36. Kb4 Rc2 37. b3 1-0

[Event "Canadian op 50th"]
[Site "Ottawa"]
[Date "2013.07.14"]
[Round "2"]
[White "Pacey, Kevin"]
[Black "Sokolov, Ivan"]
[Result "0-1"]
[WhiteElo "2179"]
[BlackElo "2650"]
[PlyCount "50"]
[EventDate "2013.07.13"]
[EventType "swiss"]
[EventRounds "9"]
[EventCountry "CAN"]
[SourceTitle "CBM 155 Extra"]
[Source "ChessBase"]
[SourceDate "2013.08.26"]
[SourceVersion "1"]
[SourceVersionDate "2013.08.26"]
[SourceQuality "1"]

1. d4 Nf6 2. c4 b6 3. Nf3 Bb7 4. g3 c5 5. d5 b5 6. Bg2 g6 7. 0-0 Bg7 8. d6 bxc4 9. Na3 e6 10. Nxc4 0-0 11. Bd2 Bd5 12. Ba5 Qc8 13. Ne3 Qa6 14. Bc7 Nc6 15. Nxd5 Nxd5 16. e4 Nxc7 17. dxc7 Nd4 18. e5 Nxf3+ 19. Bxf3 Rac8 20. Qxd7 Bxe5 21. Rfe1 Rxc7 22. Qd2 Bd4 23. Be2 Qb6 24. Rab1 c4 25. Qf4 e5 0-1

[Event "Eastern Ontario op"]
[Site "Ottawa"]
[Date "2013.06.22"]
[Round "4"]
[White "Kalra, Agastya"]
[Black "Pacey, Kevin"]
[Result "1/2-1/2"]
[WhiteElo "2145"]
[BlackElo "2213"]
[PlyCount "84"]
[EventDate "2013.06.21"]
[EventType "swiss"]
[EventRounds "5"]
[EventCountry "CAN"]
[SourceTitle "EXT 2014"]
[Source "ChessBase"]
[SourceDate "2013.11.20"]
[SourceVersion "1"]
[SourceVersionDate "2013.11.20"]
[SourceQuality "1"]

1. e4 c5 2. Nf3 a6 3. c3 d5 4. exd5 Qxd5 5. d4 e6 6. Be2 Nc6 7. 0-0 Nf6 8. Be3 cxd4 9. cxd4 Be7 10. Nc3 Qd8 11. Ne5 Nb4 12. Qa4+ Bd7 13. Nxd7 Qxd7 14. Bb5 Nc6 15. Bxc6 Qxc6 16. Qxc6+ bxc6 17. Rac1 Kd7 18. Bf4 Bd6 19. Be5 Rhb8 20. b3 Rb4 21. Na4 Ng4 22. Rfd1 f6 23. Nc5+ Ke7 24. Bxd6+ Kxd6 25. a3 Rb6 26. Re1 Re8 27. Rc4 a5 28. Ra4 Rb5 29. f3 Nh6 30. Rxa5 Rxa5 31. Nb7+ Kd5 32. Nxa5 Nf5 33. Rd1 Rb8 34. Kf2 Rb6 35. b4 Ra6 36. a4 Rb6 37. g4 Nxd4 38. b5 cxb5 39. Ke3 e5 40. Nb3 bxa4 41. Nxd4 exd4+ 42. Rxd4+ Ke6 1/2-1/2

[Event "Gatineau TORO"]
[Site "Gatineau"]
[Date "2013.06.08"]
[Round "3"]
[White "Pacey, Kevin"]
[Black "Masse, Hugues"]
[Result "1/2-1/2"]
[WhiteElo "2234"]
[BlackElo "2153"]
[PlyCount "90"]
[EventDate "2013.06.07"]
[EventType "swiss"]
[EventRounds "5"]
[EventCountry "CAN"]
[SourceTitle "EXT 2022"]
[Source "ChessBase"]
[SourceDate "2021.10.06"]
[SourceVersion "1"]
[SourceVersionDate "2021.10.06"]
[SourceQuality "1"]

1. e4 e6 2. d4 d5 3. Nc3 Nf6 4. exd5 exd5 5. Bg5 Be7 6. Qf3 c6 7. Bd3 Nbd7 8. Nge2 Nf8 9. h3 Ne6 10. Be3 Qc7 11. 0-0-0 Bd7 12. g4 Bd6 13. h4 0-0-0 14. g5 Ng8 15. h5 Rf8 16. Qg2 Nf4 17. Bxf4 Bxf4+ 18. Kb1 Bd6 19. Rdf1 Ne7 20. f4 Bf5 21. Qf3 Qd7 22. Ng3 Bxd3 23. Qxd3 f6 24. Nce2 Kb8 25. Qe3 Nf5 26. Nxf5 Qxf5 27. gxf6 Qxf6 28. f5 g6 29. Ng3 g5 30. Re1 Bf4 31. Qd3 Re8 32. h6 Rxe1+ 33. Rxe1 Qxh6 34. Rh1 Qd6 35. Nh5 Rf8 36. f6 Qc7 37. a3 Bd6 38. Ka2 Qf7 39. Qf5 Qg6 40. Qd7 Bc7 41. Rh3 Qf7 42. Qf5 Qg6 43. Qd7 Qf7 44. Qf5 Qg6 45. Qd7 Qf7 1/2-1/2

[Event "Gatineau op"]
[Site "Gatineau"]
[Date "2013.03.03"]
[Round "5"]
[White "Pacey, Kevin"]
[Black "Hambleton, Aman"]
[Result "0-1"]
[WhiteElo "2208"]
[BlackElo "2584"]
[PlyCount "130"]
[EventDate "2013.03.01"]
[EventType "swiss"]
[EventRounds "5"]
[EventCountry "CAN"]
[SourceTitle "EXT 2022"]
[Source "ChessBase"]
[SourceDate "2021.10.06"]
[SourceVersion "1"]
[SourceVersionDate "2021.10.06"]
[SourceQuality "1"]

1. e4 b6 2. d4 Bb7 3. Bd3 Nf6 4. Qe2 Nc6 5. c3 e5 6. d5 Ne7 7. Nf3 Ng6 8. h4 h5 9. Bg5 c6 10. c4 Be7 11. Nc3 Ng4 12. g3 a6 13. 0-0 Bxg5 14. Nxg5 0-0 15. Nd1 cxd5 16. cxd5 f6 17. Nf3 Ne7 18. Ne3 Nh6 19. Nd2 g6 20. Nec4 Nf7 21. a4 Bc8 22. Rfc1 d6 23. Rc2 Kg7 24. b4 g5 25. hxg5 Nxg5 26. Qe3 Rb8 27. f4 Nf7 28. fxe5 fxe5 29. Rf1 Ng6 30. Nf3 Bh3 31. Rff2 Bd7 32. Nb2 b5 33. a5 Rb7 34. Rh2 Bg4 35. Nh4 Nxh4 36. gxh4 Nh8 37. Be2 Ng6 38. Bxg4 hxg4 39. Rcg2 Qf6 40. Qe2 Rc7 41. Nd3 Rc2 42. Qd1 Rxg2+ 43. Rxg2 Qxh4 44. Rxg4 Qh3 45. Nf2 Qe3 46. Qc2 Kh6 47. Kf1 Qh3+ 48. Kg1 Rxf2 49. Rxg6+ Kxg6 50. Qxf2 Qg4+ 51. Kf1 Qxe4 52. Qb6 Qc4+ 53. Kf2 Qf4+ 54. Kg2 e4 55. Qxa6 e3 56. Qxb5 Qe4+ 57. Kf1 Qf3+ 58. Kg1 e2 59. Qe8+ Kg5 60. Qe7+ Kg4 61. Qe6+ Kf4 62. Qxd6+ Ke4 63. Qg6+ Kd4 64. Qb6+ Kd3 65. Qa6+ Kd2 0-1

[Event "Gatineau op"]
[Site "Gatineau"]
[Date "2013.03.03"]
[Round "4"]
[White "Zhou, Qiyu"]
[Black "Pacey, Kevin"]
[Result "0-1"]
[WhiteElo "2130"]
[BlackElo "2208"]
[PlyCount "164"]
[EventDate "2013.03.01"]
[EventType "swiss"]
[EventRounds "5"]
[EventCountry "CAN"]
[SourceTitle "EXT 2022"]
[Source "ChessBase"]
[SourceDate "2021.10.06"]
[SourceVersion "1"]
[SourceVersionDate "2021.10.06"]
[SourceQuality "1"]

1. e4 c6 2. d4 d5 3. exd5 cxd5 4. Bd3 Nc6 5. c3 Nf6 6. Bf4 g6 7. Nf3 Bg7 8. 0-0 0-0 9. Qd2 Bg4 10. Ne5 Qc8 11. Nxg4 Qxg4 12. h3 Qd7 13. Na3 a6 14. Nc2 b5 15. a4 Qb7 16. b4 Ne4 17. Bxe4 dxe4 18. Qe2 e5 19. dxe5 Nxe5 20. Bxe5 Bxe5 21. Nd4 Bxd4 22. cxd4 Rac8 23. axb5 axb5 24. Rfc1 Qd5 25. Rc5 Qxd4 26. Rd1 Qxb4 27. Rxb5 Qc4 28. Qxc4 Rxc4 29. Re5 Rb8 30. Rd2 Rb7 31. g4 h6 32. Kg2 Kg7 33. Ra5 Rc3 34. Re5 Rc4 35. Ra5 Re7 36. Re2 Rc3 37. Rb5 Kf6 38. Rb4 e3 39. Rf4+ Kg7 40. Rf3 exf2 41. Rexf2 Rxf3 42. Rxf3 Re5 43. Kg3 f5 44. Ra3 Kf6 45. Ra6+ Re6 46. Ra3 Rd6 47. Rb3 h5 48. gxf5 gxf5 49. Re3 Rd4 50. Ra3 Kg5 51. Rb3 Re4 52. Kf3 Rf4+ 53. Ke3 Ra4 54. Kf3 Ra1 55. Rb8 Ra3+ 56. Kg2 h4 57. Rg8+ Kf4 58. Rf8 Ra2+ 59. Kf1 Ke4 60. Kg1 f4 61. Rh8 Ke3 62. Re8+ Kf3 63. Rg8 Ra1+ 64. Kh2 Ke3 65. Re8+ Kf2 66. Rb8 Ra2 67. Re8 f3 68. Re4 Kf1+ 69. Kh1 f2 70. Rb4 Ke2 71. Rb1 Ra3 72. Rb2+ Kf3 73. Rb1 Re3 74. Kh2 Re1 75. Rxe1 fxe1N 76. Kh1 Kg3 77. Kg1 Nd3 78. Kh1 Nf2+ 79. Kg1 Nxh3+ 80. Kh1 Nf2+ 81. Kg1 h3 82. Kf1 h2 0-1

[Event "Gatineau op"]
[Site "Gatineau"]
[Date "2013.03.02"]
[Round "2"]
[White "Pacey, Kevin"]
[Black "Jobin, Gilles G"]
[Result "1-0"]
[WhiteElo "2208"]
[BlackElo "2018"]
[PlyCount "39"]
[EventDate "2013.03.01"]
[EventType "swiss"]
[EventRounds "5"]
[EventCountry "CAN"]
[SourceTitle "EXT 2022"]
[Source "ChessBase"]
[SourceDate "2021.10.06"]
[SourceVersion "1"]
[SourceVersionDate "2021.10.06"]
[SourceQuality "1"]

1. Nf3 g6 2. d4 Bg7 3. e4 d6 4. Nc3 a6 5. a4 Nd7 6. Be3 e6 7. Qd2 b6 8. Bg5 Ne7 9. Bh6 0-0 10. h4 Nf6 11. h5 gxh5 12. g4 Nxg4 13. Bxg7 Kxg7 14. Qg5+ Ng6 15. Qxh5 Nf6 16. Qh6+ Kh8 17. e5 dxe5 18. dxe5 Nxe5 19. Nxe5 Qe7 20. Nc6 1-0